| 000 | 00571nam a2200181 i 4500 | ||
|---|---|---|---|
| 001 | 43086 | ||
| 003 | ES-MaACL | ||
| 005 | 20231227153120.0 | ||
| 007 | t| | ||
| 008 | 030314s1969 sp ||||1| spa d | ||
| 100 | 1 |
_aCastro, Rosalía de, _d1837-1885 _9147676 |
|
| 245 | 1 | 0 |
_aEn las orillas del Sar / _cRosalía de Castro ; edición, prólogo y notas de J. Alonso Montero. |
| 260 |
_aSalamanca : _bAnaya, _c1969. |
||
| 300 |
_a144 p. ; _c17 cm. |
||
| 700 | 1 |
_aAlonso Montero, Xesús. _920364 |
|
| 852 |
_aES-MaACL _jC-40512 _bR.72244 |
||
| 999 |
_c43086 _d43086 |
||